• 首页
  • 本馆介绍
  • 公告通知
  • 最新文献
  • 馆藏检索
  • 电子资源
  • 读者导购
  • 参考咨询
  • 我的图书馆
  • 登录
  • 详细信息显示
  • 放入我的书架
  • 预约/预借图书
  • 作者相关作品
  • 分类相关作品
  • 丛书相关作品
  • 出版社相关作品

书目信息

  • 表格格式
  • 工作单格式
  • 卡片格式
题名:
手枪
    
 
作者: 福特 著 ;范小菊 , 张国良 , 汪宏海 译
分册:  
出版信息: 北京   中国市场出版社  2010
页数: 217页
开本: 24cm
丛书名:
单 册:
中图分类: E922.11
科图分类:
主题词: 手枪--简介--世界 , 手枪
电子资源:
ISBN: 978-7-5092-0542-6
000 01078nam0 2200289 45
001 1237621903
005 20120618094942.67
010    @a978-7-5092-0542-6@dCNY48.00
100    @a20110316d2010 em y0chiy0110 ea
101 1  @achi@ceng
102    @aCN@b110000
105    @aa z 000yy
106    @ar
200 1  @a手枪@AShou Qiang@f(英)罗杰·福特著@F( Ying ) Luo Jie· Fu Te Zhu@g范小菊,张国良,汪宏海译
210    @a北京@c中国市场出版社@d2010
215    @a217页@c图@d24cm
300    @a武器图典
330    @a本书涵盖了左轮手枪、半自动手枪、运动手枪以及其他一些包括特种作用手枪在内的各型手枪。对诸如美国柯尔特M1911型手枪、比利时勃朗宁大威力手枪、德国鲁格手枪等各种名枪进行了详尽介绍,重点对其发展历史、独特设计及作战能力进行了分析。
606 0  @a手枪@x简介@y世界
606 0  @a手枪
690    @aE922.11@v4
701  0 @c(英)@a福特@AFu Te@c(Ford, Roger)@4著
702  0 @a范小菊@AFan Xiao Ju@c(军事)@4译
702  0 @a张国良@AZhang Guo Liang@c(军事)@4译
702  0 @a汪宏海@AWang Hong Hai@4译
801  0 @aCN@bTSTCL@c20120604
905    @b0817439-42@dE922.11@e22@f4
    
    手枪/(英)罗杰·福特著/范小菊,张国良,汪宏海译.-北京:中国市场出版社,2010
    217页:图;24cm
    武器图典
    
    ISBN 978-7-5092-0542-6:CNY48.00
    本书涵盖了左轮手枪、半自动手枪、运动手枪以及其他一些包括特种作用手枪在内的各型手枪。对诸如美国柯尔特M1911型手枪、比利时勃朗宁大威力手枪、德国鲁格手枪等各种名枪进行了详尽介绍,重点对其发展历史、独特设计及作战能力进行了分析。
●
相关链接 在E读中查询图书 在五车中查询图书 在当当中查询图书 在豆瓣中查询图书


正题名:手枪     索取号:E922.11/22         预约/预借

序号 登录号 条形码 馆藏地/架位号 状态 备注
1 0817439   208174394   第一样本阅览室/ [索取号:E922.11/22] 在馆    
2 0817440   208174401   第一借阅区/ [索取号:E922.11/22] 在馆    
3 0817441   208174410   第一借阅区/ [索取号:E922.11/22] 在馆    
4 0817442   208174429   第一借阅区/ [索取号:E922.11/22] 在馆    
唐山师范学院图书馆 欢迎您!
大连网信软件有限公司© 版权所有